Tiere mit lustigen Namen 2 - Statistiken

Allgemein
  • Dieses Quiz wurde 272 mal gespielt
  • Das Durchschnittsergebnis liegt bei 11 aus 18
Antwortstatistiken
Frage Antwort % Korrekt
Gottesanbeterin Insekt
97%
Landkärtchen Schmetterling
91%
Kleine Hufeisennase Fledermaus
83%
Siebenschläfer Nagetier
83%
Neuntöter Vogel
78%
Knurrhahn Fisch
74%
Kleiner Waldgärtner Käfer
68%
Hirschferkel Paarhufer
65%
Seehase Fisch
53%
Spanischer Schal Fadenschnecke
48%
Perlboot Kopffüßer
48%
Prinzessin von Burundi Buntbarsch
46%
Herkuleskeule Schnecke
46%
Borstenkopf Vogel
43%
Klappmütze Robbe
41%
Großer Pferdespringer Nagetier
36%
Lilienhähnchen Käfer
34%
Blattschaf Meeresschnecke
27%
Keine übereinstimmenden Quizze gefunden
Verteilung der Resultate
Anzahl Personen mit jedem Resultat
Perzentil nach korrekt beantworteten Fragen
Ihre Resultats-Entwicklung
Sie haben dieses Quiz noch nicht gespielt